000 00582pab a2200193 454500
008 180718b2003 xxu||||| |||| 00| 0 eng d
100 _aHanmer, Lucia
245 _aInfant and child mortality in developing countries: analysing the data for robust determinants
260 _c2003
300 _ap.101-18.
362 _aOct
650 _aMortality - Developing countries
650 _aChild mortality - Developing countries
650 _aChild mortality
700 _aWhite, Howard
700 _aLensink, Robert
773 _aJournal of Development Studies
909 _a58744
999 _c58744
_d58744